Movies Quiz

Random Movies or Actor Quiz

Classic Actors Quiz Stats

 Plays Quiz Updated Oct 11, 2018

Score 0/24 Timer 06:00
5 Plays Today
% Correct
Marilyn Monroe
93.7%
Audrey Hepburn
85.6%
John Wayne
83.8%
Humphrey Bogart
76.3%
Marlon Brando
71.4%
Ronald Reagan
70.9%
Clark Gable
69.7%
Elizabeth Taylor
68.5%
Jimmy Stewart
67.7%
Bette Davis
56.8%
James Cagney
46.7%
Vincent Price
46%
% Correct
Gregory Peck
43.9%
Lauren Bacall
43.4%
Ingrid Bergman
40.1%
Greta Garbo
39.1%
Rita Hayworth
33.9%
Vivien Leigh
33.6%
Errol Flynn
31.6%
Gary Cooper
26.8%
Rex Harrison
24.8%
Jean Harlow
23.8%
Ava Gardner
19.6%
Lana Turner
13.5%

You're not logged in!

Compare scores with friends on all Sporcle quizzes.
OR
Log In

Sporcle TV

Today on Sporcle TV


Watch our educational content, quiz creation guides, and fun videos on Sporcle TV.

Show Comments

Extras

Top Quizzes Today


Score Distribution

Your Account Isn't Verified!

In order to create a playlist on Sporcle, you need to verify the email address you used during registration. Go to your Sporcle Settings to finish the process.

Report this User

Report this user for behavior that violates our Community Guidelines.

Details: